[Kvalita života]

Recenzia na publikáciu Kvalita života, ktorá rozvíja myšlienky o multidimenzionálnom sociálnom jave.

Salvato in:
Dettagli Bibliografici
Autore principale: Strhár, Pavol
Natura: Capitolo di libro
Lingua:slovacco
Soggetti:
Tags: Aggiungi Tag
Nessun Tag, puoi essere il primo ad aggiungerne!!

MARC

LEADER 00000naa a2200000 4500
001 0180515
005 20240502073058.2
041 0 |a slo 
044 |a SK 
245 1 0 |a [Kvalita života]  |c Pavol Strhár 
520 |a Recenzia na publikáciu Kvalita života, ktorá rozvíja myšlienky o multidimenzionálnom sociálnom jave. 
610 2 0 |a recenzie 
610 2 0 |a kvalita života 
610 2 0 |a úroveň životná 
610 2 0 |a blahobyt 
100 1 |a Strhár, Pavol